Iconic 2000s Movies - Statistics

General Stats
  • This quiz has been taken 201 times
  • The average score is 15 of 20
Answer Stats
Picture Answer % Correct
Avatar
95%
Ice Age
93%
Madagascar
92%
Up
92%
Scooby Doo
90%
Wall-E
90%
Elf
88%
Mean Girls
87%
Monsters Inc.
86%
The Notebook
79%
Kill Bill
78%
Legally Blonde
77%
The Dark Knight
76%
White Chicks
76%
Mamma Mia!
71%
Nanny McPhee
59%
Sharktale
57%
Casino Royale
43%
Shaun of The Dead
43%
Amelie
39%
No matching quizzes found
Score Distribution
Percent of People with Each Score
Percentile by Number Answered
Your Score History
You have not taken this quiz